Sports Quiz

Random Sports or MLB Quiz
Score 0/100 Timer 10:00
0 Plays Today
Year Player % Correct
2000 (2)Jason Kendall
99.3%
2001 (2)Jason Kendall
99.3%
2002 (2)Jason Kendall
99.3%
2003 (1)Jason Kendall
99.3%
2004 (4)Jason Kendall
99.3%
2005 (3)Jason Bay
92.7%
2006 (2)Jason Bay
92.7%
2007 (1)Jason Bay
92.7%
2008 (0)Jason Bay
92.7%
2001 (2)Jack Wilson
90.7%
2002 (2)Craig Wilson
90.7%
2003 (1)Jack Wilson
90.7%
2004 (4)Craig Wilson
90.7%
2004 (4)Jack Wilson
90.7%
2005 (3)Jack Wilson
90.7%
2006 (2)Jack Wilson
90.7%
2007 (1)Jack Wilson
90.7%
2008 (0)Jack Wilson
90.7%
2009 (1)Jack Wilson
90.7%
2000 (2)Brian Giles
86.8%
2001 (2)Brian Giles
86.8%
2003 (1)Brian Giles
86.8%
2000 (2)Aramis Ramirez
80.8%
2001 (2)Aramis Ramirez
80.8%
2002 (2)Aramis Ramirez
80.8%
2003 (1)Aramis Ramirez
80.8%
2008 (0)Freddy Sanchez
78.8%
2009 (1)Freddy Sanchez
78.8%
2005 (3)Oliver Perez
70.2%
2006 (2)Oliver Perez
70.2%
2008 (0)Nate McLouth
68.2%
2009 (1)Nate McLouth
68.2%
2000 (2)Kevin Young
67.5%
2001 (2)Kevin Young
67.5%
Year Player % Correct
2002 (2)Kevin Young
67.5%
2007 (1)Adam LaRoche
66.2%
2008 (0)Adam LaRoche
66.2%
2009 (1)Adam LaRoche
66.2%
2009 (1)Andy LaRoche
66.2%
2001 (2)Lloyd McClendon
64.9%
2002 (2)Lloyd McClendon
64.9%
2003 (1)Lloyd McClendon
64.9%
2004 (4)Lloyd McClendon
64.9%
2005 (3)Lloyd McClendon
64.9%
2001 (2)Derek Bell
64.2%
2008 (0)Ryan Doumit
62.9%
2009 (1)Ryan Doumit
62.9%
2007 (1)Zach Duke
60.9%
2001 (2)Adrian Brown
55.6%
2002 (2)Adrian Brown
55.6%
2003 (1)Kenny Lofton
55.6%
2004 (4)Kip Wells
53.6%
2008 (0)Ian Snell
52.3%
2007 (1)Xavier Nady
51.7%
2008 (0)Xavier Nady
51.7%
2009 (1)Paul Maholm
51.7%
2007 (1)Jose Bautista
51%
2008 (0)Jose Bautista
51%
2003 (1)Kris Benson
50.3%
2003 (1)Reggie Sanders
49.7%
2005 (3)Jose Castillo
49.7%
2006 (2)Jose Castillo
49.7%
2007 (1)Jose Castillo
49.7%
2006 (2)Jim Tracy
48.3%
2007 (1)Jim Tracy
48.3%
2007 (1)Ronny Paulino
47%
2000 (2)Jason Schmidt
46.4%
2005 (3)Daryle Ward
43.7%
Year Player % Correct
2000 (2)Pat Meares
41.1%
2001 (2)Pat Meares
41.1%
2006 (2)Joe Randa
41.1%
2009 (1)Nyjer Morgan
41.1%
2004 (4)Tike Redman
40.4%
2005 (3)Tike Redman
40.4%
2003 (1)Randall Simon
39.7%
2004 (4)Randall Simon
39.7%
2006 (2)Sean Casey
39.1%
2000 (2)Gene Lamont
37.7%
2004 (4)Bobby Hill
37.7%
2006 (2)Chris Duffy
37.7%
2006 (2)Jeromy Burnitz
37.7%
2007 (1)Chris Duffy
37.7%
2008 (0)John Russell
37.7%
2009 (1)John Russell
37.7%
2005 (3)Ty Wigginton
36.4%
2002 (2)Pokey Reese
33.8%
2003 (1)Pokey Reese
33.8%
2006 (2)Humberto Cota
33.8%
2005 (3)Benito Santiago
31.8%
2005 (3)Matt Lawton
31.1%
2000 (2)Mike Benjamin
29.8%
2002 (2)Mike Benjamin
29.8%
2001 (2)Todd Ritchie
29.1%
2004 (4)Chris Stynes
27.2%
2000 (2)Wil Cordero
25.8%
2000 (2)Chad Hermansen
25.8%
2004 (4)Raul Mondesi
25.8%
2009 (1)Brandon Moss
25.8%
2002 (2)Ron Villone
24.5%
2002 (2)Armando Rios
23.8%
Remove Ads.
Support Sporcle.
Get the best of Sporcle when you Go Orange. This ad-free experience offers more features, more stats, and more fun while also helping to support Sporcle. Thank you for becoming a member.

You're not logged in!

Compare scores with friends on all Sporcle quizzes.
OR
Log In

Show Comments

Extras

Top Quizzes Today


Score Distribution

Your Account Isn't Verified!

In order to create a playlist on Sporcle, you need to verify the email address you used during registration. Go to your Sporcle Settings to finish the process.

Report this User

Report this user for behavior that violates our Community Guidelines.

Details: